00381nam a2200109Ia 4500008004100000245009800041260003500139260000900174300000900183650001300192856006600205170516s9999 xx 000 0 und d aFormulation and Evaluation of Doxylamine Succinate Fast Dissolving Buccal Films S. Vidyadhara bAsian Journal of Pharmaceutics c2016 a10:3 xPharmacy uhttp://www.asiapharmaceutics.info/index.php/ajp/issue/view/67